| 000 | 00655nam a2200241Ia 4500 | ||
|---|---|---|---|
| 003 | OSt | ||
| 005 | 20220928102850.0 | ||
| 006 | a|||||r|||| 00| 0 | ||
| 007 | ta | ||
| 008 | 220927b |||||||| |||| 00| 0 eng d | ||
| 024 | _a138469 | ||
| 037 | _cTextual | ||
| 040 |
_aSDCL _cSDCL _beng |
||
| 041 |
_2eng _aeng |
||
| 082 | _aV95'P, P7 | ||
| 100 |
_aKasim SZ _9400939 |
||
| 245 | 0 | _aJaniye hind mahasagar ko. | |
| 260 |
_aNew Delhi _bPrabhat Prakashan _c2007 |
||
| 300 |
_a186p _ccm. |
||
| 700 |
_a Sharma Shyam sunder Tr. _9400940 |
||
| 942 |
_hV95'P, P7 _cTEXL _2CC |
||
| 999 |
_c716816 _d716816 |
||